000 01141nam a2200349 i 4500
001 24304
003 KOSZ 005
005 20220412091616.0
008 981010s1998 pl a f |000 0 pol d
020 _a8372394954
040 _cKOSZ 005
_aKOSZ 005
_dKOSZ 005/HR
041 0 _apl
046 _k1998
080 _a528
080 _a624.19
080 _a003.292
245 0 0 _aInstrukcja Techniczna G-7 :
_bGeodezyjna ewidencja sieci uzbrojenia terenu (GESUT) /
_c[oprac. zespół w składzie Zdzisław Adamczeski et al.].
246 3 0 _aGeodezyjna ewidencja sieci uzbrojenia terenu (GESUT)
260 _aWarszawa :
_bGłówny Geodeta Kraju,
_c1998.
300 _a61 s. ;
_c24 cm.
380 _aKsiążki
388 _a1901-2000
388 _a1989-2000
650 7 _aUzbrojenie terenu
650 7 _aGeodezja
650 7 _aKartografia
655 7 _aInstrukcja
658 _aGeografia i nauki o Ziemi
700 1 _aAdamczewski, Zdzisław
_d(1931-2018)
_eOpracowanie
856 _uhttp://koha.tu.koszalin.pl/cgi-bin/koha/opac-detail.pl?biblionumber=24304
_yKatalog online BPK
942 _cKA
_2UKD
999 _c24304
_d24304